| 000 | 00713nam a2200253Ia 4500 | ||
|---|---|---|---|
| 001 | AUWbook002789 | ||
| 003 | BDCtgAUW | ||
| 005 | 20260406155238.0 | ||
| 008 | 220908s9999 xx 000 0 eng d | ||
| 040 |
_aBDCtgAUW _cBDCtgAUW |
||
| 050 | _aND2356.C5C56 | ||
| 245 | 0 |
_aThe golden age : _bcincinnati painters of the nineteenth century represented in the cincinnati art museum / |
|
| 260 |
_aCincinnati : _bCincinnati Art Meseum, _c1979. |
||
| 300 | _a218 pages. | ||
| 650 | 0 |
_aAmerican _xOhio. _980355 |
|
| 650 | 0 |
_aCincinnati _y19th century. _980356 |
|
| 650 | 0 | _aExhibition. | |
| 650 | 0 | _aFine arts. | |
| 650 | 0 | _aPainting. | |
| 887 |
_a BRAC _22982 |
||
| 888 | _22982 | ||
| 942 |
_cBK _2lcc |
||
| 945 | _cBK | ||
| 999 |
_c18268 _d18268 |
||